| Поле | Название | Значение |
| |
Тип записи |
c |
| |
Библиографический уровень |
m |
| 001 |
Контрольный номер |
UONB/MAIN/f7da2814b8ed43188cf14af3bc62e3a3 |
| 005 |
Дата корректировки |
20240410092129.7 |
| 013 |
Номер (ISMN) |
__ |
| d |
Цена |
73 к. |
| 100 |
Данные общей обработки |
__ |
| a |
Данные общей обработки |
20240409b1973 u y0rusy0189 ba |
| 101 |
Язык документа |
0_ |
| a |
Язык текста |
pol |
| f |
Язык титульного листа |
pol |
| 102 |
Страна публикации |
__ |
| a |
Страна публикации |
PL |
| 125 |
Кодированные данные звукозаписи и нотных изданий |
__ |
| a |
Форма изложения нотного текста |
с |
| 128 |
Кодированные данные (звукозаписи-физические характеристики) |
__ |
| a |
Кодированные данные: Музыкальная форма и тональность или лад |
st |
| c |
Инструменты или голоса, рекомендуемые для солистов (устаревшее) |
ka |
| 200 |
Заглавие и сведения об ответственности |
1_ |
| a |
Заглавие |
T. 2 |
| 203 |
Вид содержания и тип средства |
__ |
| a |
Вид содержания |
Музыка |
| b |
Характеристика содержания |
знаковая |
| c |
Тип средства |
непосредственная |
| 210 |
Выходные данные |
1_ |
| d |
Дата издания |
1973 |
| 215 |
Физическое описание |
__ |
| a |
Объем |
51 с. |
| 461 |
Уровень набора |
_0 |
| 1 |
|
700 1 |
| b |
|
F. |
| 1 |
|
2001 |
| a |
|
Gamy i pasaże na fortepian |
| b |
|
Ноты |
| d |
|
[Гаммы и арпеджио для фортепиано] |
| f |
|
opracowali Zbigniew Drzewiecki, Jan Ekier, Jan Hoffman, Adam Rieger |
| v |
|
T. 2 |
| 1 |
|
2101 |
| a |
|
Kraków |
| c |
|
Polskie Wydawnictwo Muzyczne |
| d |
|
1973 |
| 1 |
|
001UONB/MAIN/d4fdcc33ea084a10a3e12bdb153f9f80 |
| 1 |
|
215 |
| d |
|
30 см |
| 1 |
|
300 |
| a |
|
Изд. на пол. яз. |
| 512 |
Заглавие обложки |
1_ |
| a |
Заглавие обложки |
Gamy i pasaże na fortepian |
| 517 |
Другие варианты заглавия |
1_ |
| a |
Другие варианты заглавия |
Scales and Arpeggios |
| 517 |
Другие варианты заглавия |
1_ |
| a |
Другие варианты заглавия |
Gammes et arpèges |
| 517 |
Другие варианты заглавия |
1_ |
| a |
Другие варианты заглавия |
Гаммы и арпеджио для фортепиано |
| 606 |
Тематические рубрики |
0_ |
| a |
Основная рубрика |
Фортепиано |
| x |
Основная подрубрика |
Гаммы и арпеджио |
| 610 |
Ключевые слова |
0_ |
| a |
Ключевые слова |
фортепиано; гаммы и арпеджио |
| 686 |
Индексы других классификаций |
__ |
| a |
Классификационный индекс |
85.954.294(3) |
| 801 |
Источник записи |
_0 |
| a |
Страна |
RU |
| b |
Организация |
Ульяновская ОНБ |
| c |
Дата составления |
20240409 |
| g |
Правила каталогизации |
RCR |
| 801 |
Источник записи |
_1 |
| a |
Страна |
RU |
| b |
Организация |
Ульяновская ОНБ |
| c |
Дата составления |
20240409 |
| g |
Правила каталогизации |
RCR |
| 901 |
Тип документа |
__ |
| t |
Тип документа |
n |
| w |
Контрольный № источника |
UONB/MAIN/d4fdcc33ea084a10a3e12bdb153f9f80 |
| 909 |
Создатель записи |
__ |
| a |
Создатель записи |
Никитина Т. А. |
| b |
Дата создания записи |
20240409 |